000 01371nam a2200397 a 4500
001 vtls000013712
003 NLI
005 20210601181535.0
008 101125s1969 ii f 000 0 eng
039 9 _y201011250108
_zVLOAD
040 0 _aNLI
_beng
_cVERGIS-2003
041 0 _aeng
044 _aii
082 0 4 _a628.4
100 1 _aMalkani, N.R.
_qNaraindas Rattanmal
_d1890-
_951962
245 1 0 _aClean people and an unclean country/
_cN.R. Malkani
260 _aNew Delhi:
_bSubcommittee of Social Programmes,
_c1969
300 _a161 p.:
_bplates;
_c18 cm.
504 _aBibliography: p. 159-161
650 0 _aSewage disposal
_zIndia
_951963
650 0 _aSewarage
_zIndia
_951964
650 0 _aSanitary engineering
_zTamil Nadu (India)
_951965
650 0 _aSanitation
_zIndia
_916999
650 0 _aPrivies
_951966
710 1 _aSub - Committee for Social Programmes National Committee for the Ganghi Centenary
_951967
887 _aSivankalai S.
901 _aDB 20688
_b01/05/1972
902 _aE 628.4 M 295
903 _a03/03/2004
904 _aSivankalai S.
906 _a012649
949 _AVIRTUAITEM
_D10000
_F1
_X100
_6DBA000020688ENG
_aE 628.4 M295
942 _2ddc
_cBKS
999 _aVIRTUA
_c19087
_d19087
999 _aVTLSSORT0080*0400*0410*0440*0820*1000*2450*2600*3000*5040*6500*6501*6502*6503*6504*7100*8520*9010*9020*9030*9040*9060*9490*9991